000 00302nam a2200145Ia 4500
100 _aEdwards/J.
942 _cBK
654 _aIntegral Calculus
245 _aIntegral Calculus
260 _bMac Millian
_aLondon
_c1932
082 _a515.4
_bEdw
300 _a308
546 _aENGLISH
999 _c28775
_d28775